000 00275nam a22001337a 4500
008 170818b xxu||||| |||| 00| 0 eng d
020 _a9780134167855
041 _aeng
080 _a51
100 _a38
101 _aMAT
245 _aGEOMETRY
_cBASS,L.E
942 _2udc
_cBK
999 _c24123
_d24123